00586nam a2200145Ia 4500003000900000008004100009020002600050040001600076100002400092245013600116260003200252300002000284490003300304856010300337IN-BaIIA211028s9999 xx s 000 0 eng d a9781628417999 (Print) cIIA Library aWang, Yongtian, ed. 0a2015 International Conference on Optical Instruments and Technology: Optical Systems and Modern Optoelectronic Instrumentsh[eBook] aWashington, USAbSPIEc2015 aOnline resource aProceedings of SPIE; V. 9618 uhttps://www.spiedigitallibrary.org/conference-proceedings-of-spie/9618yClick Here to Access eBook